Celebryci ze spolszczonymi nazwiskami - Statystyki

Ogólne statystyki
  • Ten quiz został rozwiązany 34 razy
  • Średni wynik to 7 z 22
Statystyki odpowiedzi
Hint Odpowiedź % Poprawnych
Jeremiasz Silny Jeremy Strong
62%
Penelopa Krzyż Penelope Cruz
59%
Marcin Niski Martin Short
48%
Tomek Rejs Tom Cruise
48%
Jacek Czarnecki Jack Black
45%
Jan Stolarz John Carpenter
45%
Marek Cukrogórski Mark Zuckerberg
45%
Eliasz Drewnowski Elijah Wood
41%
Fredzio Rtęć Freddie Mercury
34%
Jan Cukierek John Candy
34%
Jan Skrzywdzony John Hurt
34%
Jonasz Wzgórze Jonah Hill
34%
Dawid Pływak David Schwimmer
28%
Michał Zatocki Michael Bay
24%
Rajmund Karol Ray Charles
24%
Marcin Wawrzyniec Martin Lawrence
21%
Karol Miejski Karl Urban
17%
Terencjusz Znaczek Terence Stamp
17%
Zachariasz Lewita Zachary Levi
17%
Wincenty Onufrowicz Vincent D'Onofrio
7%
Krystian Łupkarz Christian Slater
3%
Juliusz Kościelny Julio Iglesias
3%
Nie znaleziono quizów pasujących do podanych kryteriów
Rozkład punktacji
Procent ludzi z każdym wynikiem
Percentyl według liczby udzielonych odpowiedzi
Twoja historia wyników
Nie rozwiązałeś tego quizu